000 00356nam a2200157Ia 4500
003 Ost
005 20260225132543.0
008 260225s9999||||xx |||||||||||||| ||und||
040 _cfsic
041 _afre
082 _a440
100 _aAbedl krim Hassani
_eAuteur
245 0 _aGuerilla sans visage /
245 0 _cAbedl krim Hassani
942 _cكتاب
999 _c33648
_d33648